[Event "Kiel Cup U20"]
[Site "Kiel"]
[Date "2012.10.05"]
[Round "5"]
[White "Caliebe, Frauke"]
[Black "Caliebe, Nanke"]
[Result "1/2-1/2"]
[WhiteElo "921"]
[BlackElo "991"]
[PlyCount "83"]
[EventDate "2012.10.??"]
[EventType "swiss"]
[EventRounds "7"]
[EventCountry "GER"]
[SourceTitle "EXT 2015"]
[Source "ChessBase"]
[SourceDate "2014.11.20"]
[SourceVersion "1"]
[SourceVersionDate "2014.11.20"]
[SourceQuality "1"]

1. d4 d5 2. c4 e6 3. Nc3 Nd7 4. Nf3 Ngf6 5. Bg5 Bb4 6. e3 0-0 7. cxd5 Bxc3+ 8. bxc3 exd5 9. Bd3 b6 10. 0-0 c5 11. Rb1 h6 12. Bxf6 Nxf6 13. dxc5 bxc5 14. c4 Bg4 15. cxd5 Bxf3 16. Qxf3 Qxd5 17. Qxd5 Nxd5 18. Be4 Rfd8 19. Bxd5 Rxd5 20. Rfd1 Rxd1+ 21. Rxd1 Kf8 22. f4 Re8 23. Kf2 g5 24. Re1 gxf4 25. exf4 Rxe1 26. Kxe1 Ke7 27. Kd2 Kd6 28. h3 Kd5 29. g4 Ke4 30. f5 Kf4 31. Kc3 Kg3 32. Kc4 Kxh3 33. Kxc5 Kg3 34. Kb5 Kf3 35. Ka6 Ke3 36. Kxa7 Kd3 37. a4 Kc4 38. Ka6 Kb4 39. a5 f6 40. Kb6 Ka4 41. Kc6 Kxa5 42. Kd5 1/2-1/2

[Event "Kiel Cup U20"]
[Site "Kiel"]
[Date "2012.10.04"]
[Round "1"]
[White "Andressen, Kay"]
[Black "Caliebe, Frauke"]
[Result "1-0"]
[WhiteElo "1433"]
[BlackElo "921"]
[PlyCount "51"]
[EventDate "2012.10.??"]
[EventType "swiss"]
[EventRounds "7"]
[EventCountry "GER"]
[SourceTitle "EXT 2015"]
[Source "ChessBase"]
[SourceDate "2014.11.20"]
[SourceVersion "1"]
[SourceVersionDate "2014.11.20"]
[SourceQuality "1"]

1. e4 c5 2. Nf3 e6 3. d4 cxd4 4. Nxd4 d6 5. Nc3 Nf6 6. Bg5 Be7 7. Bb5+ Nbd7 8. 0-0 0-0 9. f4 a6 10. Bd3 b5 11. Kh1 Bb7 12. Qf3 Nc5 13. a3 Nxd3 14. cxd3 h6 15. Bh4 Rc8 16. g4 e5 17. Nf5 d5 18. exd5 Bxd5 19. Nxe7+ Qxe7 20. Nxd5 Qe6 21. Bxf6 gxf6 22. fxe5 Qxe5 23. Nxf6+ Kg7 24. Nd7 Qd6 25. Nxf8 Kxf8 26. Qxf7# 1-0

[Event "GER-chT U18 Girls"]
[Site "Germany"]
[Date "2012.05.05"]
[Round "4.3"]
[White "Caliebe, Frauke"]
[Black "Nikolowa, Cecilia"]
[Result "1-0"]
[WhiteElo "944"]
[BlackElo "800"]
[PlyCount "51"]
[EventDate "2012.05.04"]
[EventType "team-swiss"]
[EventRounds "7"]
[EventCountry "GER"]
[SourceTitle "EXT 2014"]
[Source "ChessBase"]
[SourceDate "2013.11.20"]
[SourceVersion "1"]
[SourceVersionDate "2013.11.20"]
[SourceQuality "1"]
[WhiteTeam "Altenholz Gymn (W)"]
[BlackTeam "Broderstorf SadC (W)"]
[WhiteTeamCountry "GER"]
[BlackTeamCountry "GER"]

1. d4 d5 2. c4 Nf6 3. Nc3 Nc6 4. Nf3 e6 5. Bg5 h6 6. Bh4 a5 7. e3 Bb4 8. a3 Bd6 9. cxd5 exd5 10. Nxd5 Be7 11. Nxe7 Nxe7 12. Bxf6 gxf6 13. Bc4 Bd7 14. 0-0 Bc6 15. Rc1 Qd7 16. Qb3 Rf8 17. Rfe1 a4 18. Qb4 b6 19. e4 h5 20. e5 Bd5 21. exf6 Kd8 22. fxe7+ Qxe7 23. Qxe7+ Kc8 24. Qxf8+ Kb7 25. Bxd5+ Ka7 26. Qxa8# 1-0

[Event "GER-chT U18 Girls"]
[Site "Germany"]
[Date "2012.05.04"]
[Round "1.3"]
[White "Piyamit, Sophia"]
[Black "Caliebe, Frauke"]
[Result "0-1"]
[WhiteElo "800"]
[BlackElo "944"]
[PlyCount "56"]
[EventDate "2012.05.04"]
[EventType "team-swiss"]
[EventRounds "7"]
[EventCountry "GER"]
[SourceTitle "EXT 2014"]
[Source "ChessBase"]
[SourceDate "2013.11.20"]
[SourceVersion "1"]
[SourceVersionDate "2013.11.20"]
[SourceQuality "1"]
[WhiteTeam "Berlin HSG (W)"]
[BlackTeam "Altenholz Gymn (W)"]
[WhiteTeamCountry "GER"]
[BlackTeamCountry "GER"]

1. Nf3 c5 2. g3 e6 3. Bg2 d6 4. c3 Nf6 5. d3 Be7 6. Bd2 0-0 7. 0-0 Nbd7 8. c4 a6 9. Nc3 Rb8 10. a3 b5 11. b3 d5 12. e4 bxc4 13. bxc4 dxc4 14. dxc4 Bb7 15. e5 Ne4 16. Be1 Nxc3 17. Qd3 Ne4 18. a4 Ng5 19. Nd2 Bxg2 20. Kxg2 Nxe5 21. Qc3 Nd3 22. Nb3 Nxe1+ 23. Kh1 Bf6 24. Qc2 Nxc2 25. Rac1 Rxb3 26. Rxc2 Qd3 27. Rcc1 Qf3+ 28. Kg1 Nh3# 0-1